|
|
|
|
| LEADER |
00911nab a2200241 i 4500 |
| 001 |
acta6273 |
| 005 |
20220919141338.0 |
| 008 |
161015s1958 hu o 0|| hun d |
| 022 |
|
|
|a 0324-6523
|
| 040 |
|
|
|a SZTE Egyetemi Kiadványok Repozitórium
|b hun
|
| 041 |
|
|
|a hun
|
| 041 |
|
|
|a fre
|
| 041 |
|
|
|a rus
|
| 100 |
1 |
|
|a Both Ödön
|
| 245 |
1 |
0 |
|a Szemere Bertalan belügyminiszter nemzetiségi politikája 1848 nyarán
|h [elektronikus dokumentum] /
|c Both Ödön
|
| 260 |
|
|
|a Szegedi Tudományegyetem Állam- és Jogtudományi Kara
|b Szeged
|c 1958
|
| 300 |
|
|
|a 23-44
|
| 490 |
0 |
|
|a Acta Universitatis Szegediensis : acta juridica et politica
|v 5 No. 1-15
|
| 650 |
|
4 |
|a Társadalomtudományok
|
| 650 |
|
4 |
|a Jogtudomány
|
| 650 |
|
4 |
|a Politikatudomány
|
| 695 |
|
|
|a Szemere Bertalan, Jogtörténet - nemzetiségi politika - 1848
|
| 856 |
4 |
0 |
|u http://acta.bibl.u-szeged.hu/6273/1/juridpol_005_023-044.pdf
|z Dokumentum-elérés
|